| 000 | 00560nam a2200181Ia 4500 | ||
|---|---|---|---|
| 008 | 131103s9999 xx 000 0 und d | ||
| 040 | _aLoreto College | ||
| 041 | _aEnglish | ||
| 082 |
_a398.042/BLU _bLCLIB/22006 |
||
| 100 | _aBluestein,Gene | ||
| 245 | 4 |
_aThe voice of the folk _b folklore and American literary theory _cGene Bluestein |
|
| 260 |
_a[s.l.] _bUniversity of Massachusetts Press _c1972 |
||
| 300 |
_axiii,170 p. _c 23 cm. |
||
| 504 | _aIncludes bibliographical references and index | ||
| 650 | _aFolklore | ||
| 850 | _aLCLIB | ||
| 942 | _cBK | ||
| 999 |
_c11421 _d61900 |
||